[Event "2BLS 2223 OSG Baden-Baden II - SV 1947 W"]
[Site "?"]
[Date "2023.03.18"]
[Round "9.7"]
[White "Fichter, Fabian"]
[Black "Trifan, Andrei Ioan"]
[Result "1/2-1/2"]
[WhiteElo "2266"]
[BlackElo "2300"]
[PlyCount "96"]
[EventDate "2023.??.??"]

1. e4 e5 2. Nf3 Nc6 3. Nc3 Nf6 4. d4 exd4 5. Nxd4 Bb4 6. Nxc6 bxc6 7. Bd3 d5 8. exd5 cxd5 9. O-O O-O 10. h3 Rb8 11. Qf3 c6 12. Bf4 Bd6 13. b3 Rb4 14. Ne2 Bxf4 15. Nxf4 Qd6 16. Nh5 Nxh5 17. Qxh5 g6 18. Qg5 c5 19. Rad1 Be6 20. Bc4 d4 21. Bxe6 fxe6 22. Rfe1 Rf5 23. Qg4 Rb7 24. Qe4 Rbf7 25. Rd2 e5 26. g4 Rf3 27. Qxe5 Qf8 28. Qd5 Kg7 29. Re6 Rxh3 30. Rde2 Qb8 31. Rd6 Qb7 32. Qe5+ Kh6 33. Re4 Qb5 34. Kg2 Rh1 35. Re2 Qb7+ 36. Re4 Qb5 37. c4 dxc3 38. Rc4 Qb7+ 39. Rd5 Re7 40. Qg5+ Kg7 41. Kxh1 h6 42. Qxe7+ Qxe7 43. Rdxc5 Qe2 44. Kg2 c2 45. Kg3 Qd3+ 46. Kg2 Qe2 47. Kg3 Qd3+ 48. Kg2 Qe2 1/2-1/2

[Event "2BLS 2223 OSG Baden-Baden II - SV 1947 W"]
[Site "?"]
[Date "2023.03.18"]
[Round "9.8"]
[White "Schmaltz, Roland"]
[Black "Hauser, Carlos"]
[Result "1-0"]
[WhiteElo "2442"]
[BlackElo "2245"]
[PlyCount "131"]
[EventDate "2023.??.??"]

1. e4 c5 2. Nf3 Nc6 3. d4 cxd4 4. Nxd4 Nf6 5. Nc3 e5 6. Ndb5 d6 7. Bg5 a6 8. Na3 b5 9. Nd5 Be7 10. Bxf6 Bxf6 11. c3 O-O 12. Nc2 Rb8 13. h4 Be7 14. Nce3 Be6 15. a4 Qd7 16. axb5 axb5 17. Be2 Bd8 18. h5 h6 19. O-O Bg5 20. Qd3 Bxe3 21. Nxe3 b4 22. Rfd1 bxc3 23. bxc3 Rfd8 24. Ra6 Qc7 25. Bg4 Bxg4 26. Nxg4 Rb6 27. Ra2 Qe7 28. Ne3 Qe6 29. Ra6 Rxa6 30. Qxa6 Ne7 31. Nc4 Nc8 32. Rd5 Qg4 33. f3 Qxh5 34. Nxe5 Qg5 35. Nd3 Qe3+ 36. Kh2 Nb6 37. Rd4 Nc8 38. e5 d5 39. Qa5 Re8 40. Qxd5 Ne7 41. Qd7 Kf8 42. Rf4 Qb6 43. e6 Qb8 44. Kh3 f6 45. Rd4 g5 46. c4 h5 47. g3 Qa8 48. Kg2 g4 49. Rf4 gxf3+ 50. Kf2 Rd8 51. Rxf6+ Kg8 52. Qb5 Qa7+ 53. c5 Qa2+ 54. Kxf3 Qd5+ 55. Ke2 Qe4+ 56. Kd2 Qg2+ 57. Kc1 Qxg3 58. Kc2 Nd5 59. e7 Nxe7 60. Rd6 Qg2+ 61. Kb3 Rxd6 62. Qe8+ Kg7 63. Qxe7+ Kg8 64. Qxd6 Qb7+ 65. Kc3 Qg7+ 66. Qd4 1-0

[Event "2BLS 2223 SV 1920 Hofheim - Stuttgarter "]
[Site "?"]
[Date "2023.03.18"]
[Round "9.1"]
[White "Kvetny, Mark"]
[Black "Bernadskiy, Vitaliy"]
[Result "1/2-1/2"]
[WhiteElo "2404"]
[BlackElo "2611"]
[PlyCount "160"]
[EventDate "2023.??.??"]

1. Nf3 b6 2. g3 Bb7 3. Bg2 g6 4. O-O Bg7 5. c4 Nf6 6. Nc3 O-O 7. Re1 c5 8. e4 Nc6 9. d3 d6 10. h3 Ne8 11. Be3 Nd4 12. Rb1 Qd7 13. Nh2 Nc7 14. Qd2 e5 15. b4 cxb4 16. Bxd4 exd4 17. Ne2 a5 18. a3 Na6 19. axb4 Nxb4 20. Nf3 b5 21. Nfxd4 bxc4 22. dxc4 Rfe8 23. Nb5 Bxe4 24. Bxe4 Rxe4 25. Nxd6 Re5 26. Nf4 Rd8 27. Rxe5 Bxe5 28. c5 Qe6 29. Qe3 Bxd6 30. cxd6 Qxd6 31. h4 Nd5 32. Nxd5 Qxd5 33. Qa3 h5 34. Qa4 Qf5 35. Qa2 Rc8 36. Qa1 Kh7 37. Re1 Rc2 38. Qd4 Qf3 39. Rf1 Re2 40. Qa4 Qf5 41. Qd4 Re4 42. Qa1 a4 43. Rd1 Re2 44. Rf1 Qe4 45. Qc3 Qe6 46. Rb1 Qe5 47. Qb4 Re4 48. Qd2 Kg7 49. Kg2 a3 50. Rb3 Ra4 51. Re3 Qc5 52. Qa2 Qc1 53. Rf3 Ra7 54. Re3 f6 55. Kh2 Qb2 56. Qxb2 axb2 57. Rb3 Ra2 58. Rb7+ Kh6 59. Kg2 g5 60. hxg5+ fxg5 61. Rb6+ Kg7 62. Kh3 b1=Q 63. Rxb1 Rxf2 64. Rb6 Rf6 65. Rb7+ Kg6 66. Rb5 Ra6 67. Rc5 Kf6 68. Rb5 Re6 69. Ra5 Re2 70. Ra6+ Kf5 71. Ra5+ Re5 72. Ra4 Rd5 73. g4+ hxg4+ 74. Rxg4 Rd3+ 75. Rg3 g4+ 76. Kg2 Rd2+ 77. Kg1 Kg5 78. Ra3 Kh4 79. Kh1 g3 80. Ra8 Kh3 1/2-1/2

[Event "2BLS 2223 SV 1920 Hofheim - Stuttgarter "]
[Site "?"]
[Date "2023.03.18"]
[Round "9.2"]
[White "Sumets, Andrey"]
[Black "Benkovic, Petar"]
[Result "1-0"]
[WhiteElo "2499"]
[BlackElo "2366"]
[PlyCount "117"]
[EventDate "2023.??.??"]

1. d4 Nf6 2. c4 e6 3. Nf3 d5 4. g3 Be7 5. Bg2 O-O 6. O-O c6 7. Qc2 b6 8. Rd1 Nbd7 9. b3 a5 10. Bb2 Ba6 11. Nbd2 Qb8 12. e4 Rc8 13. Re1 Bb7 14. Ne5 a4 15. Nd3 axb3 16. axb3 Rxa1 17. Bxa1 Bf8 18. Nf4 Bb4 19. e5 Ne8 20. Bc3 Bxc3 21. Qxc3 Qc7 22. h4 Ra8 23. Rc1 Qd8 24. Nf1 Ra3 25. Ne3 Nf8 26. Nc2 Ra7 27. c5 bxc5 28. Qxc5 Ra5 29. Qc3 Nd7 30. Nd3 Ra8 31. Bf1 Qb6 32. b4 Nc7 33. Nc5 Nf8 34. Ra1 Rxa1 35. Qxa1 Bc8 36. Qa5 Qb8 37. Na1 Nd7 38. Nab3 Nb6 39. Qa1 h6 40. Na5 Qa8 41. Qc1 Ne8 42. g4 Nd7 43. g5 Nxc5 44. Qxc5 Bd7 45. Qe7 Qc8 46. Nb3 Nc7 47. Nc5 Be8 48. gxh6 gxh6 49. Qf6 Nb5 50. Bxb5 cxb5 51. Qxh6 Qa8 52. Qg5+ Kf8 53. h5 Qa1+ 54. Kg2 Qb1 55. h6 Qh7 56. Kg3 Qh8 57. Kf4 Qh7 58. f3 Qh8 59. Qf6 1-0

[Event "2BLS 2223 SV 1920 Hofheim - Stuttgarter "]
[Site "?"]
[Date "2023.03.18"]
[Round "9.3"]
[White "Neyman, Igor"]
[Black "Shneider, Aleksandr"]
[Result "1/2-1/2"]
[WhiteElo "2358"]
[BlackElo "2486"]
[PlyCount "52"]
[EventDate "2023.??.??"]

1. d4 d5 2. c4 e6 3. Nf3 Nf6 4. Nc3 Be7 5. Bg5 h6 6. Bxf6 Bxf6 7. e3 O-O 8. Rc1 c6 9. Bd3 Nd7 10. O-O Qe7 11. e4 dxc4 12. Bxc4 e5 13. d5 Nb6 14. Bb3 Rd8 15. Qe2 Bd7 16. h3 Rac8 17. Rfd1 Be8 18. Rc2 c5 19. Nd2 Bg5 20. Nc4 Nxc4 21. Bxc4 a6 22. a4 Rd6 23. a5 Qd8 24. Ra1 Bd7 25. Nd1 Rg6 26. Kh1 Bf4 1/2-1/2

[Event "2BLS 2223 SV 1920 Hofheim - Stuttgarter "]
[Site "?"]
[Date "2023.03.18"]
[Round "9.4"]
[White "Gurevich, Vladimir"]
[Black "Strunksi, Andreas"]
[Result "1/2-1/2"]
[WhiteElo "2449"]
[BlackElo "2309"]
[PlyCount "43"]
[EventDate "2023.??.??"]

1. e4 c5 2. Nf3 e6 3. d4 cxd4 4. Nxd4 Nc6 5. Nc3 Qc7 6. f4 a6 7. Nxc6 bxc6 8. Bd3 d5 9. O-O Bb7 10. Qe2 Nf6 11. Bd2 h5 12. e5 Ng4 13. Na4 c5 14. c4 d4 15. Be4 Bc6 16. b3 g6 17. Qf3 Rc8 18. Bxc6+ Qxc6 19. Qxc6+ Rxc6 20. h3 Nh6 21. g3 Be7 22. Nb2 1/2-1/2

[Event "2BLS 2223 SV 1920 Hofheim - Stuttgarter "]
[Site "?"]
[Date "2023.03.18"]
[Round "9.5"]
[White "Beyer, Christian"]
[Black "Womacka, Mathias"]
[Result "1-0"]
[WhiteElo "2276"]
[BlackElo "2403"]
[PlyCount "75"]
[EventDate "2023.??.??"]

1. e4 c5 2. Nf3 d6 3. d4 cxd4 4. Nxd4 Nf6 5. Nc3 a6 6. Bg5 e6 7. f4 h6 8. Bh4 Qb6 9. Qd2 Qxb2 10. Rb1 Qa3 11. e5 dxe5 12. fxe5 g5 13. exf6 gxh4 14. Be2 e5 15. Nd5 exd4 16. Nc7+ Kd8 17. Nxa8 Nc6 18. O-O Bd6 19. Nb6 Qc5 20. Nxc8 Kxc8 21. Bg4+ Kb8 22. Rf5 Ne5 23. Kh1 Rg8 24. Bh3 Rg5 25. Qe2 Ka7 26. Qe4 b5 27. Rd1 d3 28. cxd3 Rxf5 29. Bxf5 Nc6 30. d4 Qc4 31. Qe3 Nb4 32. Rc1 Qd5 33. Be4 Qg5 34. Qxg5 hxg5 35. a3 Na2 36. Rc2 Bxa3 37. Rxa2 Bd6 38. Bd5 1-0

[Event "2BLS 2223 SV 1920 Hofheim - Stuttgarter "]
[Site "?"]
[Date "2023.03.18"]
[Round "9.6"]
[White "Zude, Arno"]
[Black "Keilhack, Harald"]
[Result "1/2-1/2"]
[WhiteElo "2351"]
[BlackElo "2234"]
[PlyCount "34"]
[EventDate "2023.??.??"]

1. e4 c5 2. Nf3 e6 3. d4 cxd4 4. Nxd4 Nf6 5. Nc3 d6 6. Be2 a6 7. O-O Be7 8. f4 O-O 9. Be3 Qc7 10. Kh1 b5 11. a3 Bb7 12. Bf3 Nbd7 13. Qe2 Rfe8 14. e5 Bxf3 15. Nxf3 Nd5 16. Nxd5 exd5 17. exd6 Bxd6 1/2-1/2

[Event "2BLS 2223 SV 1920 Hofheim - Stuttgarter "]
[Site "?"]
[Date "2023.03.18"]
[Round "9.7"]
[White "Lorscheid, Gerhard"]
[Black "Weber, Ulrich"]
[Result "1/2-1/2"]
[WhiteElo "2140"]
[BlackElo "2352"]
[PlyCount "49"]
[EventDate "2023.??.??"]

1. Nf3 Nf6 2. c4 g6 3. g3 Bg7 4. Bg2 O-O 5. O-O d6 6. d4 c5 7. Nc3 Nc6 8. dxc5 dxc5 9. Be3 Be6 10. Bxc5 Qa5 11. Ba3 Bxc4 12. Nd4 Nxd4 13. Qxd4 Rac8 14. Bxe7 Nd5 15. Qh4 Nxe7 16. Qxe7 b5 17. Rfd1 Rfe8 18. Qd7 Rcd8 19. Qc6 Bxc3 20. bxc3 Bxe2 21. Rxd8 Qxd8 22. Bf1 Re6 23. Qc5 Bxf1 24. Rxf1 Qd7 25. c4 1/2-1/2

[Event "2BLS 2223 SV 1920 Hofheim - Stuttgarter "]
[Site "?"]
[Date "2023.03.18"]
[Round "9.8"]
[White "Burkart, Patrick"]
[Black "Forster, Lukas"]
[Result "1/2-1/2"]
[WhiteElo "2325"]
[BlackElo "1963"]
[PlyCount "84"]
[EventDate "2023.??.??"]

1. d4 Nf6 2. Nf3 d5 3. c4 e6 4. g3 Bb4+ 5. Bd2 a5 6. Bg2 O-O 7. Qc2 c5 8. cxd5 cxd4 9. Nxd4 Qb6 10. e3 exd5 11. O-O Nc6 12. Bc3 Be7 13. Nd2 Rd8 14. Rac1 Bd7 15. Nxc6 bxc6 16. Bd4 Qb5 17. Nb3 Rdc8 18. Bc5 Bxc5 19. Nxc5 Bg4 20. Qc3 a4 21. Rc2 Nd7 22. Qd4 Nxc5 23. Rxc5 Qe2 24. Rfc1 Bd7 25. e4 a3 26. R5c2 axb2 27. Qxb2 Qh5 28. exd5 cxd5 29. Qb7 Rd8 30. Qxd5 Bf5 31. Qf3 Qxf3 32. Bxf3 Ra3 33. Rc3 Rxa2 34. g4 Be6 35. R1c2 Ra1+ 36. Rc1 Ra4 37. h3 g6 38. Kg2 Kg7 39. Rd1 Rxd1 40. Bxd1 Rd4 41. Bf3 Bd5 42. Bxd5 Rxd5 1/2-1/2

[Event "2BLS 2223 SF Heidesheim - SC Eppingen"]
[Site "?"]
[Date "2023.03.18"]
[Round "9.1"]
[White "Acs, Peter"]
[Black "Perske, Thore"]
[Result "1/2-1/2"]
[WhiteElo "2572"]
[BlackElo "2446"]
[PlyCount "55"]
[EventDate "2023.??.??"]

1. e4 c5 2. Nf3 d6 3. c3 Nf6 4. Be2 g6 5. O-O Bg7 6. d3 O-O 7. Nbd2 Nc6 8. h3 e5 9. a3 d5 10. b4 Re8 11. bxc5 Qa5 12. Rb1 Qxc5 13. a4 dxe4 14. dxe4 Na5 15. c4 Bd7 16. Ne1 Qc7 17. Nd3 Nxc4 18. Qc2 Rac8 19. Qxc4 Qxc4 20. Nxc4 Rxc4 21. Nxe5 Rxe4 22. Nxd7 Rxe2 23. Nxf6+ Bxf6 24. Rxb7 R8e7 25. Rxe7 Rxe7 26. Be3 Re4 27. Bxa7 Rxa4 28. Be3 1/2-1/2

[Event "2BLS 2223 SF Heidesheim - SC Eppingen"]
[Site "?"]
[Date "2023.03.18"]
[Round "9.2"]
[White "Wilhelm, Till"]
[Black "Noe, Christopher"]
[Result "1/2-1/2"]
[WhiteElo "2402"]
[BlackElo "2524"]
[PlyCount "54"]
[EventDate "2023.??.??"]

1. d4 Nf6 2. c4 e6 3. Nf3 d5 4. g3 dxc4 5. Bg2 Bd7 6. Ne5 Bc6 7. Nxc6 Nxc6 8. O-O Qd7 9. e3 O-O-O 10. Nc3 Nd5 11. Bd2 h5 12. b3 cxb3 13. Nxd5 exd5 14. Qxb3 h4 15. Rab1 b6 16. Rfc1 hxg3 17. hxg3 f5 18. Rc2 Rh6 19. Rbc1 Kb8 20. a4 a5 21. Qb5 Bb4 22. Bxb4 Nxb4 23. Rxc7 Qxb5 24. axb5 Na2 25. R1c2 Nb4 26. Rc1 Na2 27. R1c2 Nb4 1/2-1/2

[Event "2BLS 2223 SF Heidesheim - SC Eppingen"]
[Site "?"]
[Date "2023.03.18"]
[Round "9.3"]
[White "Hacker, Jonas"]
[Black "Hinrichs, Paul"]
[Result "1-0"]
[WhiteElo "2452"]
[BlackElo "2210"]
[PlyCount "77"]
[EventDate "2023.??.??"]

1. e4 e5 2. Nf3 Nc6 3. Bc4 Bc5 4. c3 Nf6 5. d4 exd4 6. e5 d5 7. Bb5 Ne4 8. cxd4 Bb6 9. Nc3 Bg4 10. Be3 O-O 11. h3 Bh5 12. Qc2 Bg6 13. Qb3 Ne7 14. O-O c6 15. Bd3 Nf5 16. Qc2 Nxe3 17. fxe3 c5 18. Nxe4 dxe4 19. Bxe4 cxd4 20. Bxg6 hxg6 21. exd4 Bxd4+ 22. Kh1 Bb6 23. a4 Qe7 24. a5 Bc7 25. Qe4 Rab8 26. b4 a6 27. Rac1 b6 28. Nd4 Rbe8 29. Qb7 Bb8 30. Qxe7 Rxe7 31. Nc6 Rb7 32. b5 axb5 33. a6 Rc7 34. e6 f6 35. Nxb8 Ra7 36. Nc6 Rxa6 37. Ne7+ Kh7 38. Nd5 Ra7 39. Nc7 1-0

[Event "2BLS 2223 SF Heidesheim - SC Eppingen"]
[Site "?"]
[Date "2023.03.18"]
[Round "9.4"]
[White "Foerster, Erik"]
[Black "Medvegy, Zoltan"]
[Result "1/2-1/2"]
[WhiteElo "2141"]
[BlackElo "2514"]
[PlyCount "115"]
[EventDate "2023.??.??"]

1. d4 e6 2. g3 f5 3. Bg2 Nf6 4. c4 d5 5. Nc3 c6 6. Bf4 Be7 7. Nf3 O-O 8. O-O Nbd7 9. Qc2 dxc4 10. e4 fxe4 11. Ng5 Nb6 12. Ncxe4 Nxe4 13. Nxe4 Rxf4 14. gxf4 Qf8 15. Ng5 Bxg5 16. fxg5 Qf4 17. g6 Bd7 18. gxh7+ Kh8 19. Rae1 Qxd4 20. Re3 Rf8 21. Rd1 Qc5 22. Rd2 Nd5 23. Rg3 b5 24. Qg6 Qe7 25. h4 Be8 26. Qe4 a5 27. Qe5 Qf6 28. Qd6 Kxh7 29. Be4+ Kg8 30. Rf3 Nf4 31. Bxc6 Bh5 32. Re3 Qxh4 33. Bd7 Rf6 34. Rg3 Bf7 35. Bxb5 Rh6 36. Qd8+ Kh7 37. Qxh4 Rxh4 38. Bxc4 Nh3+ 39. Kf1 Nf4 40. Rd7 Bg6 41. Ra7 Nh5 42. Rxg6 Kxg6 43. Bd3+ Kf6 44. Rxa5 g5 45. b3 Rd4 46. Bc4 Nf4 47. Ke1 g4 48. Ra8 e5 49. a4 Ng2+ 50. Kf1 Nf4 51. Kg1 Kf5 52. Rf8+ Ke4 53. a5 Rd1+ 54. Bf1 Nh3+ 55. Kg2 Nf4+ 56. Kg1 Ne2+ 57. Kg2 Nf4+ 58. Kg1 1/2-1/2

[Event "2BLS 2223 SF Heidesheim - SC Eppingen"]
[Site "?"]
[Date "2023.03.18"]
[Round "9.5"]
[White "Guliyev, Namig"]
[Black "Lantzsch, Christian"]
[Result "1-0"]
[WhiteElo "2528"]
[BlackElo "2164"]
[PlyCount "191"]
[EventDate "2023.??.??"]

1. e4 c6 2. d4 d5 3. Nc3 dxe4 4. Nxe4 Nf6 5. Nxf6+ exf6 6. c3 Bd6 7. Bd3 O-O 8. Qc2 Re8+ 9. Ne2 h5 10. O-O h4 11. h3 Qc7 12. Be3 Nd7 13. Qd2 Nf8 14. f4 f5 15. c4 Be6 16. Bf2 Ng6 17. Be3 Rad8 18. Rf3 Be7 19. Rd1 Bf6 20. b3 Ne7 21. Bf2 a5 22. Bc2 a4 23. Nc3 axb3 24. Bxb3 b5 25. cxb5 Bxb3 26. axb3 cxb5 27. Nxb5 Qb8 28. Na3 Nd5 29. Nc4 Re4 30. Ne5 Qb7 31. Kh1 Nxf4 32. Rxf4 Bxe5 33. Rxf5 Qxb3 34. Rf3 Qd5 35. Rf5 Qe6 36. Qa5 Qxf5 37. Qxd8+ Kh7 38. Qd5 Rf4 39. Bg1 Bf6 40. Qxf7 Re4 41. d5 Re7 42. Qf8 Re2 43. Qa3 Rxg2 44. Kxg2 Qc2+ 45. Bf2 Qxd1 46. Qf3 Qd2 47. Qe4+ g6 48. Qe6 Kg7 49. Kg1 Qd1+ 50. Be1 Qd4+ 51. Kg2 Be5 52. Bxh4 Qe4+ 53. Kf1 Qf3+ 54. Bf2 Bd4 55. Qe7+ Kg8 56. Qd8+ Kg7 57. Qc7+ Kh6 58. Qg3 Qh1+ 59. Ke2 Qe4+ 60. Be3+ Kh7 61. Qc7+ Kg8 62. Qf4 Qg2+ 63. Kd3 Bxe3 64. Qb8+ Kf7 65. Qc7+ Kf8 66. Qd8+ Kf7 67. Qd7+ Kf8 68. Kxe3 Qg1+ 69. Kf4 Qc1+ 70. Ke5 Qc3+ 71. Kd6 Qb4+ 72. Ke6 Qe4+ 73. Kf6 Qf3+ 74. Kxg6 Qg2+ 75. Kf6 Qb2+ 76. Ke6 Qe2+ 77. Kd6 Qh2+ 78. Kc6 Qc2+ 79. Kb6 Qf2+ 80. Kb7 Qb2+ 81. Kc8 Qc3+ 82. Kb8 Qb3+ 83. Qb7 Qg3+ 84. Kc8 Qxh3+ 85. Qd7 Qa3 86. Qf5+ Ke8 87. Qe6+ Kf8 88. Qf6+ Ke8 89. Qd8+ Kf7 90. Qc7+ Kf6 91. Qc6+ Ke7 92. Qc7+ Kf6 93. d6 Qa6+ 94. Kd7 Qa4+ 95. Qc6 Qa7+ 96. Kc8 1-0

[Event "2BLS 2223 SF Heidesheim - SC Eppingen"]
[Site "?"]
[Date "2023.03.18"]
[Round "9.6"]
[White "Enzmann, Steffen"]
[Black "Juhasz, Armin"]
[Result "0-1"]
[WhiteElo "2150"]
[BlackElo "2386"]
[PlyCount "80"]
[EventDate "2023.??.??"]

1. Nf3 d5 2. g3 Nc6 3. Bg2 e5 4. O-O Nf6 5. d3 Be7 6. c3 O-O 7. Qc2 Bf5 8. Nh4 Bg4 9. b4 a6 10. f4 exf4 11. gxf4 d4 12. h3 Bh5 13. a3 dxc3 14. Nf5 Nd4 15. Nxd4 Qxd4+ 16. e3 Qd7 17. Nxc3 Rad8 18. d4 Rfe8 19. Ne2 Bxe2 20. Qxe2 Bf8 21. Bb2 Ne4 22. Qc2 f5 23. d5 Qxd5 24. Rad1 Qf7 25. Rxd8 Rxd8 26. Bxe4 fxe4 27. Qxe4 c5 28. f5 Re8 29. Qf4 Qe7 30. Rf3 Qe4 31. Qxe4 Rxe4 32. bxc5 Bxc5 33. Kf2 Rc4 34. Be5 Bxa3 35. Rg3 Bf8 36. f6 g6 37. Rg1 Kf7 38. Rd1 Ke6 39. Ba1 Bc5 40. Rd8 Rc1 0-1

[Event "2BLS 2223 SF Heidesheim - SC Eppingen"]
[Site "?"]
[Date "2023.03.18"]
[Round "9.7"]
[White "Gibicar, Danijel"]
[Black "Perske, Paul"]
[Result "1/2-1/2"]
[WhiteElo "2287"]
[BlackElo "2104"]
[PlyCount "67"]
[EventDate "2023.??.??"]

1. e4 e5 2. Nf3 Nc6 3. Bb5 a6 4. Ba4 Nf6 5. d3 b5 6. Bb3 Be7 7. O-O d6 8. c3 O-O 9. Re1 Re8 10. Nbd2 Bf8 11. Nf1 h6 12. Ng3 Na5 13. Bc2 c5 14. h3 Nc6 15. d4 Qc7 16. Be3 Bd7 17. Rc1 Qb7 18. Bb1 a5 19. Qd2 a4 20. d5 Na5 21. Nh4 Nc4 22. Qe2 g6 23. Rcd1 Nxe3 24. Qxe3 Bg7 25. Nf3 c4 26. a3 Bc8 27. Nd2 Qa7 28. Qxa7 Rxa7 29. Ne2 Rae7 30. Kh2 Nd7 31. g3 Nc5 32. Ng1 h5 33. Kg2 Bh6 34. Nf1 1/2-1/2

[Event "2BLS 2223 SF Heidesheim - SC Eppingen"]
[Site "?"]
[Date "2023.03.18"]
[Round "9.8"]
[White "Vogt, Dustin"]
[Black "Cofmann, Veaceslav"]
[Result "0-1"]
[WhiteElo "1885"]
[BlackElo "2306"]
[PlyCount "82"]
[EventDate "2023.??.??"]

1. e4 e6 2. d3 d5 3. Nd2 b6 4. g3 Bb7 5. Bg2 d4 6. Ne2 c5 7. O-O Nd7 8. a4 a6 9. c3 e5 10. f4 exf4 11. Qb3 Ne7 12. Nc4 Ng6 13. Nxf4 Nge5 14. Na5 bxa5 15. Qxb7 Be7 16. cxd4 cxd4 17. Nd5 O-O 18. Nxe7+ Qxe7 19. Ra3 Rab8 20. Qxa6 Qb4 21. Bh3 Nc5 22. Qd6 Ncxd3 23. Qxb4 axb4 24. Ra1 Nc5 25. Bf4 f6 26. Rfc1 Ncd3 27. Rc2 b3 28. Re2 Rb6 29. a5 Ra6 30. Bf1 Rfa8 31. Bxe5 Nxe5 32. Ra3 d3 33. Rf2 Rxa5 34. Rxb3 Rd8 35. Bxd3 Rxd3 36. Rb7 Ng4 37. Re2 Ra2 38. e5 Nxe5 39. Rc2 Rd7 40. Rb5 Ra1+ 41. Kg2 Rad1 0-1

[Event "2BLS 2223 SG Speyer-Schwegenheim - OSG B"]
[Site "?"]
[Date "2023.03.19"]
[Round "10.1"]
[White "Gozzoli, Yannick"]
[Black "Abasov, Nijat"]
[Result "1/2-1/2"]
[WhiteElo "2584"]
[BlackElo "2625"]
[PlyCount "24"]
[EventDate "2023.??.??"]

1. Nf3 d5 2. g3 g6 3. Bg2 Bg7 4. d4 Nf6 5. c4 c6 6. cxd5 cxd5 7. Ne5 Ne4 8. Nc3 Nxc3 9. bxc3 O-O 10. O-O Nc6 11. Nxc6 bxc6 12. Qa4 Qb6 1/2-1/2

[Event "2BLS 2223 SG Speyer-Schwegenheim - OSG B"]
[Site "?"]
[Date "2023.03.19"]
[Round "10.2"]
[White "Kantans, Toms"]
[Black "Martin, Julian"]
[Result "0-1"]
[WhiteElo "2490"]
[BlackElo "2396"]
[PlyCount "122"]
[EventDate "2023.??.??"]

1. e4 c5 2. Nf3 d6 3. Bb5+ Nd7 4. a4 a6 5. Bc4 Ngf6 6. d3 e6 7. O-O b6 8. Nc3 Bb7 9. d4 Nxe4 10. Nxe4 Bxe4 11. Ng5 Bg6 12. Bxe6 Be7 13. Bd5 Ra7 14. Nh3 O-O 15. Nf4 Bf5 16. c4 cxd4 17. Ne2 Nc5 18. Nxd4 Bd7 19. b4 Bf6 20. bxc5 dxc5 21. Nb3 Bxa1 22. Nxa1 Be6 23. Bxe6 fxe6 24. Nb3 a5 25. Qe2 Qe8 26. Bb2 Raf7 27. Nd2 Qxa4 28. Nf3 Qb3 29. Ng5 Re7 30. Be5 Rd8 31. Qe4 Qd3 32. f4 a4 33. Rf3 Qxe4 34. Nxe4 Ra7 35. Ra3 Rd1+ 36. Kf2 Rb1 37. Nc3 Rb4 38. Nb5 Ra6 39. Rc3 Rb3 40. Na3 Ra8 41. Ke2 Rb2+ 42. Rc2 Rxc2+ 43. Nxc2 a3 44. Bc3 a2 45. Na1 Rd8 46. g3 h5 47. Nb3 Kh7 48. Ba1 Kg6 49. Nc1 Rd7 50. Nd3 Kf5 51. h3 h4 52. gxh4 g6 53. Ke3 Rd4 54. Ke2 Rxc4 55. Kd2 b5 56. Bb2 b4 57. Nc1 Rxf4 58. Nxa2 Rxh4 59. Nc1 c4 60. Ne2 c3+ 61. Bxc3 bxc3+ 0-1

[Event "2BLS 2223 SG Speyer-Schwegenheim - OSG B"]
[Site "?"]
[Date "2023.03.19"]
[Round "10.3"]
[White "Halkias, Stelios"]
[Black "Kovacs, Gabor"]
[Result "1/2-1/2"]
[WhiteElo "2514"]
[BlackElo "2402"]
[PlyCount "35"]
[EventDate "2023.??.??"]

1. Nf3 Nf6 2. c4 e6 3. g3 d5 4. d4 Be7 5. Bg2 O-O 6. O-O dxc4 7. Qc2 a6 8. a4 Bd7 9. Rd1 Bc6 10. Nc3 Bxf3 11. Bxf3 Nc6 12. Bxc6 bxc6 13. a5 Rb8 14. Ra4 Rb4 15. Na2 Rb5 16. Qxc4 c5 17. Nc3 Qe8 18. dxc5 1/2-1/2

[Event "2BLS 2223 SG Speyer-Schwegenheim - OSG B"]
[Site "?"]
[Date "2023.03.19"]
[Round "10.4"]
[White "Boguslawski, Oleg"]
[Black "Schmider, Niklas"]
[Result "1-0"]
[WhiteElo "2384"]
[BlackElo "2397"]
[PlyCount "75"]
[EventDate "2023.??.??"]

1. e4 c5 2. Nf3 d6 3. d4 cxd4 4. Nxd4 Nf6 5. Nc3 a6 6. Be3 e5 7. Nb3 Be6 8. h3 Be7 9. f4 exf4 10. Bxf4 Nc6 11. Qe2 Nd7 12. O-O-O Qc7 13. Kb1 O-O 14. g4 Rfe8 15. g5 b5 16. Qh2 Nce5 17. h4 b4 18. Nd5 Bxd5 19. exd5 a5 20. Nd4 a4 21. Bb5 a3 22. b3 Qc3 23. Bc1 Rec8 24. Qd2 Nb6 25. Qxc3 bxc3 26. Nc6 Nxc6 27. Bxc6 Rab8 28. Rhe1 Bf8 29. Re4 g6 30. Bxa3 Rd8 31. Bb4 Bg7 32. Ba5 Rdc8 33. Rb4 Na8 34. Rd3 Rxb4 35. Bxb4 Nc7 36. Bxd6 Na6 37. a3 Nb8 38. Bb5 1-0

[Event "2BLS 2223 SG Speyer-Schwegenheim - OSG B"]
[Site "?"]
[Date "2023.03.19"]
[Round "10.5"]
[White "Breder, Dennis"]
[Black "Bodrozic, Tomislav"]
[Result "1-0"]
[WhiteElo "2412"]
[BlackElo "2347"]
[PlyCount "77"]
[EventDate "2023.??.??"]

1. Nf3 Nf6 2. c4 g6 3. Nc3 Bg7 4. e4 d6 5. d4 O-O 6. Be2 Na6 7. O-O e5 8. dxe5 dxe5 9. Qc2 Nc5 10. Be3 Nfd7 11. Rfd1 Ne6 12. c5 c6 13. b4 Qe7 14. Bc4 a5 15. Bxe6 Qxe6 16. b5 Nf6 17. Rd6 Qe8 18. Bg5 Nh5 19. Rd8 Qe6 20. Rad1 f6 21. Be3 Qe7 22. R8d6 Qc7 23. Qb3+ Rf7 24. bxc6 bxc6 25. Qb6 Ra6 26. Qb3 Bf8 27. Rd8 Ng7 28. Na4 Be6 29. Qc2 Ra7 30. Nb6 g5 31. h3 h6 32. Nh2 Kh7 33. Nf1 Be7 34. R8d2 Rf8 35. Ng3 Kg8 36. Nf5 Bxf5 37. exf5 Rd8 38. Qb3+ Kh7 39. Qf7 {Time} 1-0

[Event "2BLS 2223 SG Speyer-Schwegenheim - OSG B"]
[Site "?"]
[Date "2023.03.19"]
[Round "10.6"]
[White "Decuigniere, Tom"]
[Black "Riff, Jean-Noel"]
[Result "1-0"]
[WhiteElo "2366"]
[BlackElo "2410"]
[PlyCount "105"]
[EventDate "2023.??.??"]

1. d4 d5 2. c4 e6 3. Nc3 Nf6 4. cxd5 exd5 5. Bg5 Be7 6. e3 O-O 7. Bd3 h6 8. Bh4 Re8 9. Nge2 c6 10. O-O Nbd7 11. Qc2 Nh5 12. Bxe7 Qxe7 13. Rae1 Nf8 14. Qd2 Bd7 15. Nc1 Nf6 16. f3 c5 17. dxc5 Qxc5 18. Nb3 Qb6 19. Bb1 Rad8 20. Qd4 Qxd4 21. Nxd4 Ne6 22. Kf2 Nxd4 23. exd4 Kf8 24. Bc2 Rxe1 25. Rxe1 Bc6 26. Bb3 Ne8 27. Re5 Nc7 28. f4 f6 29. Re3 Re8 30. g4 Rxe3 31. Kxe3 Ke7 32. f5 Kd6 33. Ne2 Be8 34. h4 b6 35. Kf4 Bf7 36. Ba4 Be8 37. Bxe8 Nxe8 38. g5 hxg5+ 39. hxg5 Ke7 40. Nc3 Nc7 41. Kg4 Kf8 42. a4 a6 43. Kh5 Kf7 44. b4 b5 45. a5 fxg5 46. Kxg5 Ke7 47. Kg6 Kf8 48. f6 Ne6 49. fxg7+ Nxg7 50. Kf6 Nh5+ 51. Ke5 Ke7 52. Nxd5+ Kd7 53. Nb6+ 1-0

[Event "2BLS 2223 SG Speyer-Schwegenheim - OSG B"]
[Site "?"]
[Date "2023.03.19"]
[Round "10.7"]
[White "Trifan, Andrei Ioan"]
[Black "Philippe, Christophe"]
[Result "1/2-1/2"]
[WhiteElo "2300"]
[BlackElo "2342"]
[PlyCount "146"]
[EventDate "2023.??.??"]

1. Nf3 c5 2. e3 g6 3. d4 Bg7 4. Be2 Nf6 5. O-O b6 6. c4 cxd4 7. exd4 O-O 8. Nc3 Bb7 9. Bf4 d6 10. Rc1 Nbd7 11. Qa4 a6 12. Rfd1 Rc8 13. h3 Rc7 14. b4 Qa8 15. Qb3 Rfc8 16. Bh2 Ne4 17. Nxe4 Bxe4 18. Qe3 b5 19. c5 Qd5 20. a4 Rb8 21. axb5 axb5 22. Ra1 h6 23. Ra5 Nf6 24. Bxb5 Rcb7 25. Qe2 Bxf3 26. gxf3 Qg5+ 27. Kh1 Nd5 28. Bc6 Nc3 29. cxd6 Qh4 30. Qd2 Nxd1 31. Qxd1 exd6 32. Bxb7 Rxb7 33. Qc2 Qxh3 34. Ra8+ Kh7 35. Qc8 Qxf3+ 36. Kg1 h5 37. Bf4 Qg4+ 38. Qxg4 hxg4 39. Bxd6 Bxd4 40. Kg2 Bc3 41. f3 gxf3+ 42. Kxf3 Kg7 43. Ra3 Be1 44. Ke4 Rb5 45. Ra7 g5 46. Be5+ Kg6 47. Ra6+ Kh5 48. Ra7 Kg4 49. Rxf7 Rxb4+ 50. Ke3 Bg3 51. Bc3 Rb3 52. Kd2 Bf4+ 53. Kc2 Rb5 54. Kd3 Kf3 55. Kc4 Rb1 56. Bf6 Ke4 57. Re7+ Kf5 58. Bxg5 Bxg5 59. Re2 Bf4 60. Re8 Be5 61. Kd3 Rb3+ 62. Kc4 Rc3+ 63. Kd5 Rd3+ 64. Kc4 Rd1 65. Rg8 Ke4 66. Rg4+ Bf4 67. Rh4 Rc1+ 68. Kb5 Rc8 69. Kb4 Ke5 70. Kb3 Bg3 71. Rg4 Bf2 72. Rg5+ Kd4 73. Rg4+ Kd3 1/2-1/2